000 00675nam a22002177a 4500
999 _c17406
_d17406
003 AR-CdUCM
008 190508b ||||| |||| 00| 0 spa d
040 _aMUNICIPALIDAD PROVINCIAL DEL CUSCO
_cBIBLIOTECA MUNICIPAL DEL CUSCO
082 _a194 /
_bR33
100 _aReclus, Elíseo
_929928
245 _aEvolución y revolución /
260 _aBuenos Aires :
_bArte y libertad,
300 _a198 páginas ;
_c17 cm.
505 _aContenido: Filosofía francesa.
650 _aFilosofía francesa
_915256
650 _aCiencias sociales
_91096
650 _aFilosofía
_9395
700 _aA. López, Rodrigo
_937402
942 _2ddc
_cLIBROS
945 _adavv
_d08/05/2019